Catalog

Record Details

Catalog Search



That they may all be one : the call to unity  Cover Image Book Book

That they may all be one : the call to unity / Walter Kasper

Record details

  • ISBN: 0-86012-379-0
  • Physical Description: v, 202 s.
  • Edition: 1. publ.
  • Publisher: London ; Burns & Oates, 2004
Subject: ekumenické hnutí
katolická církev > doktrína

Available copies

  • 1 of 1 copy available at Common Catalog SPOK.

Holds

  • 0 current holds with 1 total copy.
Show Only Available Copies
Location Call Number / Copy Notes Barcode Shelving Location Status Due Date
Jabok Library EK-9 424480018407 Odborná literatura Available -

LDR 00707nam a22002537a 4500
00113298
003CZ-PrJAB
00520191007113021.0
007ta
008140311s2004 xxk f |||| 0 eng d
020 . ‡a0-86012-379-0 ‡q(brož.)
035 . ‡a(CZ PrSKC)001683580
040 . ‡aABD064 ‡bcze
080 . ‡a2
1001 . ‡aKasper, Walter, ‡d1933- ‡7skuk0003346
24510. ‡aThat they may all be one : ‡bthe call to unity / ‡cWalter Kasper
250 . ‡a1. publ.
260 . ‡aLondon ; ‡aNew York : ‡bBurns & Oates, ‡c2004
300 . ‡av, 202 s.
65004. ‡aekumenické hnutí
65004. ‡akatolická církev ‡xdoktrína
910 . ‡aABG312
995 . ‡aska
901 . ‡a13298 ‡bCZ PrSKC ‡c13298 ‡tbiblio

Additional Resources